000 02455cab a2200289 ab4500
005 20250307104853.0
008 991125c2018 sp fr p o 000 0 spa d
035 _aUPN01000231822
040 _aMX-MxUPN
_bspa
_cMX-MxUPN
_eaacr2
049 _aART-E
100 1 _aOrtiz de Santos, Rosa
_6- rosa.ortiz@uva.es
100 1 _aTorrego, Luis
100 1 _aSantamaría Cárdaba, Noelia
245 1 3 _aLa democracia en educación y los movimientos de renovación pedagógica :
_bevaluación de prácticas educativas democráticas
520 3 _aUna de las funciones principales de las escuelas consiste en preparar al alumnado para aprender a vivir y convivir como futuros ciudadanos activos y críticos en el marco social. En este proceso, ha sido muy relevante la existencia de movimientos que han servido y sirven de referencia al conjunto de ciudadanos de la sociedad. En España, los Movimientos de Renovación Pedagógica (mrp) han defendido la educación democrática como uno de los pilares esenciales de las escuelas. En este artículo analizamos el grado de democratización de experiencias educativas promovidas por estos colectivos: Red Khelidôn, Granollers en Transición / Casal del Mestres y MeSumaría. Se ha realizado una exhaustiva revisión del estado de la cuestión referente a la educación democrática, la cual ha servido para elaborar un sistema de 16 indicadores que, tras ser validado por expertos, se ha utilizado para comprobar el cumplimiento de las bases de la educación democrática en las experiencias seleccionadas. Se concluye que se está avanzando hacia lo que entenderíamos como práctica democrática, las tres experiencias educativas pueden ser democráticas, ello denota que el modelo de los mrp es posible, y nos permite transmitir a la sociedad la importancia que tienen las actuaciones y las iniciativas que estos desarrollan para alcanzar una mejora real en la educación.
541 _aAcceso gratuito
650 2 _aJusticia social
_915413
653 0 _aIndicadores educativos
653 0 _aEducación democrática
653 0 _aMovimientos de renovación pedagógica
773 _gVol. 7, no. 1 (2018), p. 197-213
_tRIEJS: revista internacional de educación para la justicia social
_x2254-3139
856 4 _uhttps://revistas.uam.es/riejs/article/view/9586/9763
856 4 _uhttps://doi.org/10.15366/riejs2018.7.1.010
902 _aLeonor Sotres/070325
905 _aArticulo
942 _cART-E
999 _c203917
_d203917